000
00326nam a2200145Ia 4500
100
_a
sharma/Sanjay
650
_a
Production inventory
942
_c
BK
366
_f
27
245
_a
Production-Inventory system analysis
260
_b
Ane Books
_c
2016
082
_a
658.7
_b
SHA
546
_a
ENGLISH
_c
Info.Tech
999
_c
23777
_d
23777